| 000 | 00537cam a22002291 4500 | ||
|---|---|---|---|
| 001 | sa 65009795 | ||
| 003 | DLC | ||
| 005 | 20260227112204.0 | ||
| 008 | 950117s1965 ii 000 0 tamo | ||
| 010 | _asa 65009795 | ||
| 025 | _aPL480:I-T-1205 | ||
| 035 | _a(OCoLC)31829455 | ||
| 040 |
_aDLC _cCU _dCU _dDLC |
||
| 042 | _apremarc | ||
| 050 | 0 | 0 |
_aPL4758.9.S883 _bV5 |
| 100 | 1 |
_aSundaram, S. D., _d1921- |
|
| 245 | 1 | 0 | _aVīramakācakti. |
| 260 | _c[1965] | ||
| 300 |
_a80 p. _c18 cm. |
||
| 500 | _aIn Tamil. | ||
| 500 | _aA play. | ||
| 999 |
_c66430 _d66430 |
||